<?xml version="1.0" encoding="UTF-8"?>
<marc:record xmlns:marc="http://www.loc.gov/MARC21/slim">
   <marc:leader>00000nam a2200000 a 4500</marc:leader>
   <marc:datafield ind1="0" ind2="0" tag="245">
      <marc:subfield code="a">Landung im Paradies</marc:subfield>
   </marc:datafield>
   <marc:datafield ind1="0" ind2="0" tag="245">
      <marc:subfield code="b">Walt Disney Lustiges Taschenbuch</marc:subfield>
   </marc:datafield>
   <marc:datafield ind1=" " ind2="1" tag="264">
      <marc:subfield code="b">Vieweg</marc:subfield>
   </marc:datafield>
   <marc:datafield ind1="1" ind2=" " tag="490">
      <marc:subfield code="a">Abenteuer</marc:subfield>
   </marc:datafield>
   <marc:datafield ind1="1" ind2=" " tag="520">
      <marc:subfield code="a">Gute Taten zalen sich immer aus! Donald Duck zögert nicht lange und rettet einen Spaziergänger mit einem beherzten Sprung vor einem Unfall. Donald und Dussel können ihr Glück kaum fassen, als sie erfahren, dass der Gerettete der Inhaber des Reisebüros ist und ihnen als Dank eine Traumurlaub af Rabotiki spendiert. Direkt nach der Ankunft merken die beiden, dass hier einiges so ganz anders läuft als in anderen Urlaubsressorts. </marc:subfield>
   </marc:datafield>
   <marc:datafield ind1="3" ind2=" " tag="024">
      <marc:subfield code="a">4193528512004</marc:subfield>
   </marc:datafield>
</marc:record>
